000 01116nam a22002657a 4500
005 20170124103126.0
010 _aA-889918
020 _c300.00
035 _aA-889918
037 _bCen Lib/Ret
040 _aDPL
_bHN
082 _a338.642
_bशरण
100 _aशरण
_983088
245 _aलघु कुटीर उद्योग /
_cशरण [और] आलोक कुमार रस्तोगी
246 _aLaghu kuteer udyog /
_bby Sharan [aur] Alok Kumar Rastogi
260 _bअक्षरायन
_aनई दिल्ली
_c1997
270 _a7, हौज़खास अपार्टमेंट्स
_bनई दिल्ली
_e110016
300 _axii,367पृ. :
_c20सेमी(सजिल्द)
_bसचित्र
650 _aउद्योग -- लकड़ी
_91413
650 _aबेकरी -- उद्योग
_983089
650 _aIndustry - Wood
_983090
650 _aBakery - industry
_983091
700 _aरस्तोगी, आलोक कुमार
_983092
942 _2ddc
_cHN
_h338.642
_mशरण
999 _c119044
_d119044